Регионална библиотека "Любен Каравелов" - Русе

Приказки (Запис номер 434011)

MARC детайли
000 -Лидер
Контролно поле с фиксирана дължина 01792nam a2200337 a 4500
003 - Код на организацията, давaща контролен номер
Контролно поле BLK
005 - Дата и час на последна редакция
Контролно поле 20250315005705.0
008 - Елементи от данни с фиксирана дължина
fixed length control field 180413b bul|||||r ||||||| ||bul||
020 ## - Международен стандартен номер на книга ISBN
Международен стандартен номер на книга ISBN 9786190208099
040 ## - Източник на каталожния запис
Идентификатор на билиотеката - собственик на записа BLK
041 ## - Код за език
Код за езика на текст/звукозапис или на отделно заглавие Български
Код за езика КДБФ Български
080 ## - УДК
Текстов определител УДК Немска литература
УДК код - определител по УДК 821.112.2
УДК определител -93-34
УДК - код + определител 821.112.2-93-34
100 1# - Редна дума - Автор
Автор Братя Грим
Авторска отговорност първи автор
R(LIN) 252329
139 ## - Редно поле
Редна дума Грим, Вилхелм и др.
Авторски знак Грим - Г 83
240 ## - Унифицирано заглавие
Унифицирано заглавие Die Kinder und Hausmаrchen
245 10 - Сведения за заглавието
Заглавие Приказки
Подзаглавни данни Сборник приказки
Редно поле (дума) Братя Грим [Вилхелм, Якоб] ; ил. Мира Мирославова ; прев. от нем. Димитър Стоевски
250 ## - Област на изданието
Сведения за изданието [11.изд. ]
257 ## - Страна на издаване
Страна на създаване/издаване Германия
260 ## - Област на издателските данни
Място на издаване, разпространение и проч. София
Име на издателя, разпространителя и проч. Колибри
Година на издаване 2021
9 (RLIN) 209486
Издателство - префикс ISBN 978-619-02- ; 978-619-150- ; 978-954-150- ; 978-954-529-
300 ## - Физическа характеристика
Страници 595 с
Илюстрации и др. с ил.
Размери/Мащаб 25 см
380 ## - Жанр
Жанр Детска худож. лит.
500 ## - Общи забележки
Забележка Подб. и прев. от т. 1,2 на Die Kinder-und Hausmarchen / der Brüder Grimm<br/>Пълната форма на името на ил. Мира Мирославова е Мира Мирославова Ганджулова<br/>Димитър Стоевски - псевд. на прев. Димчо Стоев Чолаков<br/>1. изд. 1962 на изд. Нар. младеж
700 ## - Други автори (авторска отговорност)
Лично име Грим, Вилхелм
Дати, свързани с автора 1786 - 1859
9 (RLIN) 363315
700 ## - Други автори (авторска отговорност)
Лично име Грим, Якоб
Дати, свързани с автора 1785 - 1863
9 (RLIN) 363316
700 ## - Други автори (авторска отговорност)
Лично име Мирославова, Мира
Автороска отговорност (Описва отношението между автора и произведението) ил.
9 (RLIN) 599
700 1# - Други автори (авторска отговорност)
Лично име Стоевски, Димитър
Автороска отговорност (Описва отношението между автора и произведението) прев. от нем.
9 (RLIN) 124880
Друга информация Псевд. на Димчо Стоев Чолаков
Пълна форма на името Чолаков, Димчо Стоев
856 4# - Електронен адрес и достъп
Електронен формат pdf - файл
Път до файла /url/
856 4# - Електронен адрес и достъп
Електронен формат pdf - файл
Път до файла /url/
999 ## - СИСТЕМНИ КОНТРОЛНИ НОМЕРА
Koha biblionumber 434011
Koha biblioitemnumber 434011
942 ## - АРТИКУЛИ
Вид на библиотечния материал Книги
Скрит в OPAC Не
Периодичен библиозапис Да
944 ## - СЪЗДАВАНЕ И РЕДАКЦИЯ на ЗАПИСА
Създаване/Редакция Създаване
Дата на регистрацията/редакция 2021-10-18
Служител, извършил регистрацията/редакцията
Статус, дата на статуса CRON CRON
Наличности
Код за отписване Код за изгубен артикул Източник на класификационната схема Код за повреда Коз за рестрикции Код за отдаване Артикулен № Име на библиотеката - собственик Име на библиотеката, в която се намира в момента Статус (Текущо местоположение) Дата на вписване в системата Местоположение - отдел Цена в лева Систематично азбучна сигнатура Баркод Цена в евро Служебен тип на артикула
  Не е изгубен Universal Decimal Classification Не е повреден само за читалня ползва се в читалня 857801 Регионална библиотека "Любен Каравелов" Русе Регионална библиотека "Любен Каравелов" Русе Хранилище 2021-10-19 Хранилище 29.00 Цб 309363 120000860637 14.83 Книги
Vip Innovations Ltd, Rousse, Bulgaria 2025